000 00873nam a2200181Ii 4500
003 JO-AjNU
008 230605s9999||||xx |||||||||||||| ||und||
040 _aJO-AjNU
_bara
_erda
_cJO-AjNU
041 _aara
050 1 4 _aPJ8040.1991
100 3 _aإعداد ايمان أحمد اللحام ؛ إشراف محمود إبراهيم,
_eauthor
_941277
245 0 0 _aأنماط النشر العراقي في القرن الثالث الهجري
264 3 1 _aد،م: د،ن، 1991
300 _a206ص
_bرسالة جامعية (ماجستير في اللغة العربية وآدابها)الجامعة الأردنية،1991، يشتمل على المصادر والمراجع الببلوغرافية ص( 178-203)ويشتمل على ملاحق ص(204-206)
336 _atext
_btxt
_2rdacontent
337 _aunmediated
_bn
_2rdamedia
338 _avolume
_bnc
_2rdacarrier
999 _aA17586
_c21154
_d21154